Cincinnati Police Department Traffic Stops (Record no. 351867)
[ view plain ]
| 000 -LEADER | |
|---|---|
| fixed length control field | 00687nam a2200133Ia 4500 |
| 008 - FIXED-LENGTH DATA ELEMENTS--GENERAL INFORMATION | |
| fixed length control field | 171212s9999 xx 000 0 und d |
| 020 ## - INTERNATIONAL STANDARD BOOK NUMBER | |
| International Standard Book Number | 9780833047892 |
| 100 ## - MAIN ENTRY--PERSONAL NAME | |
| Personal name | Ridgeway, Greg |
| 245 ## - TITLE STATEMENT | |
| Statement of responsibility, etc | Ridgeway, Greg |
| Title | Cincinnati Police Department Traffic Stops |
| Remainder of title | Applying RAND's Framework to Analyze Racial Disparities |
| 260 ## - PUBLICATION, DISTRIBUTION, ETC. (IMPRINT) | |
| Name of publisher, distributor, etc | RAND Corporation |
| Date of publication, distribution, etc | 2009 |
| 650 ## - SUBJECT ADDED ENTRY--TOPICAL TERM | |
| Topical term or geographic name as entry element | Discrimination in law enforcement -- Ohio -- Cincinnati; Racial profiling in law enforcement -- Ohio -- Cincinnati; Police -- Ohio -- Cincinnati -- Attitudes; Traffic violations -- Ohio -- Cincinnati; Race discrimination -- Ohio -- Cincinnati; Cincinnati |
| 650 ## - SUBJECT ADDED ENTRY--TOPICAL TERM | |
| Topical term or geographic name as entry element | Law |
| 856 ## - ELECTRONIC LOCATION AND ACCESS | |
| Uniform Resource Identifier | <a href="www.jstor.org/stable/10.7249/mg914cc">www.jstor.org/stable/10.7249/mg914cc</a> |
| Withdrawn status | Lost status | Damaged status | Home library | Current library | Date acquired | Total Checkouts | Full call number | Date last seen | Price effective from | Koha item type |
|---|---|---|---|---|---|---|---|---|---|---|
| College Library | College Library | 12/12/2017 | HV8148.C52R53 2009 | 12/12/2017 | 12/12/2017 | Curriculum - Based eBooks |